| 000 | 01948nam0a2200373 4500 | ||
|---|---|---|---|
| 001 | RU\NLR\bibl\1828035 | ||
| 005 | 20260406000716.0 | ||
| 010 |
_a978-5-9998-0024-4 _93000 |
||
| 021 |
_aRU _b2011-78232 _95570 |
||
| 035 | _a(NLR Aleph) 001818555 | ||
| 090 |
_a1972940 _c1972940 |
||
| 100 | _a20111101d2011 |||y0rusy50 ca | ||
| 101 | 1 |
_arus _ceng |
|
| 102 |
_aRU _aDE |
||
| 105 | _aa ||||||||| | ||
| 200 | 1 |
_aУвлеченный продавец _eруководство для профессионального продавца _fДжеймс Хейдема, Крис Хейдема _g[пер. с англ. к.психол.н., доц. А.В. Лисовского] |
|
| 210 |
_aМосква _aБерлин _cИнфотропик Медиа _d2011 |
||
| 215 |
_a209 с. _cил. _d21 |
||
| 225 | 1 |
_aСерия "Бизнес с увлечением" _vкн. 2 |
|
| 300 | _aЗагл. и авт. ориг.: The passionate salesperson / James Heidema, Chris Heidema | ||
| 320 | _aПредм. указ.: с. 207-209 | ||
| 454 | 0 |
_12001#$aThe passionate salesperson _1700#1$3RU\NLR\auth\77114830$7ba$aHeidema$bD. М.$gJames М.$4070 _1701#1$3RU\NLR\auth\77110258$7ba$aHeidema$bC. M.$gChris M.$4070 _tThe passionate salesperson _aHeidema, James М. |
|
| 606 | 1 |
_aТорговля _jПрактические пособия _xОрганизация _91539874 _3RU\NLR\auth\66972493 |
|
| 606 | 1 |
_aТорговля _jПрактические пособия _xСоциально-психологические исследования _92099597 _3RU\NLR\auth\661269983 |
|
| 686 | _aУ42(0)1-803я7 | ||
| 686 | _aС550.425я7 | ||
| 700 | 1 |
_4070 _7ca _8rus _aХейдема _bД. М. _gДжеймс М. _961151 _3RU\NLR\auth\7778223 |
|
| 701 | 1 |
_4070 _7ca _8rus _aХейдема _bК. М. _gКрис М. _993182 _3RU\NLR\auth\77110257 |
|
| 801 | 0 |
_aRU _bNLR _c20111101 _gRCR |
|
| 801 | 1 |
_aRU _bNLR _c20111101 |
|
| 942 | _cBOOK | ||
| 980 | _aNB | ||
| 980 | _aNBR | ||